000 00432nam a2200181Ia 4500
005 20250603144714.0
008 250603s9999 xx 000 0 und d
020 _a9788122434071
050 _aTA 439 .G87/
100 _aGupta, Y. P
245 0 _aConcrete technology: and good construction practices
260 _aNew Delhi
260 _bNew Age
260 _c2014
300 _a250 p
650 _aNew Delhi
942 _cBK
999 _c39712
_d39712